• 首页
  • 本馆介绍
  • 公告通知
  • 最新文献
  • 馆藏检索
  • 电子资源
  • 读者导购
  • 参考咨询
  • 我的图书馆
  • 登录
  • 详细信息显示
  • 放入我的书架
  • 预约/预借图书
  • 作者相关作品
  • 分类相关作品
  • 丛书相关作品
  • 出版社相关作品

书目信息

  • 表格格式
  • 工作单格式
  • 卡片格式
题名:
学校与社区的互动
    
 
作者: 刘淑兰 著
分册:  
出版信息: 成都   四川教育出版社  2003
页数: 346页
开本: 24cm
丛书名: 社区教育丛书
单 册:
中图分类: G459
科图分类:
主题词: 学校 , 社区 , 学校--关系--社区--研究
电子资源:
ISBN: 7-5408-3965-1
000 01220nam0 2200361 450
000 01183nam0 2200349 450
000 01182nam0 2200361 450
000 01128nam0 2200337 450
000 01157nam0 2200325 450
000 01120nam0 2200313 45
001 TS2006028933
005 20061209171148.00
010    @a7-5408-3965-1@dCNY36.00
100    @a20060829d2003 emky0chiy0110 ea
101 0  @achi
102    @aCN@b510000
105    @aa z 000yy
200 1  @a学校与社区的互动@Axue xiao yu she qu de hu dong@f刘淑兰著
210    @a成都@c四川教育出版社@d2003
215    @a346页@c照片@d24cm
225 2  @a社区教育丛书
300    @a“九五”国家重点研究课题
330    @a本书从理论与实践结合的角度,阐述了学校与社区互动的一些重要问题。内容包括学校发展的历程——从学校和社区联系的视角,学校与社区的互动,学校与社区互动的行动策略等六部分。
410  0 @12001 @a社区教育丛书
606 0  @a学校
606 0  @a社区
606 0  @a学校@x关系@x社区@x研究
690    @aG459@v4
701  0 @a刘淑兰@Aliu shu lan@c(教育学)@4著
801  0 @aCN@b中图数据@c20061209
905    @a10447@dG459@e36
    
    学校与社区的互动/刘淑兰著.-成都:四川教育出版社,2003
    346页:照片;24cm.-(社区教育丛书)
    “九五”国家重点研究课题
    
    ISBN 7-5408-3965-1:CNY36.00
    本书从理论与实践结合的角度,阐述了学校与社区互动的一些重要问题。内容包括学校发展的历程——从学校和社区联系的视角,学校与社区的互动,学校与社区互动的行动策略等六部分。
●
相关链接 在E读中查询图书 在五车中查询图书 在当当中查询图书 在豆瓣中查询图书


正题名:学校与社区的互动     索取号:G459/36         预约/预借

序号 登录号 条形码 馆藏地/架位号 状态 备注
1 0615232   206152321   第一样本阅览室/ [索取号:G459/36] 在馆    
2 0615233   206152330   第四借阅区/ [索取号:G459/36] 在馆    
3 0615234   206152349   第四借阅区/ [索取号:G459/36] 在馆    
4 0615235   206152358   第四借阅区/ [索取号:G459/36] 在馆    
5 0615236   206152367   第四借阅区/ [索取号:G459/36] 在馆    
6 0615237   206152376   第四借阅区/ [索取号:G459/36] 在馆    
唐山师范学院图书馆 欢迎您!
大连网信软件有限公司© 版权所有